| Tag |
First Indicator |
Second Indicator |
Subfields |
| LEADER |
00000pam a2200000 a 4500 |
| 001 |
in00000077071 |
| 005 |
20151008060521.0 |
| 008 |
810312s1981 nyu b 00110 eng |
| 010 |
|
|
|a 81004707
|
| 020 |
|
|
|a 0824711726
|
| 035 |
|
|
|a (OCoLC)07279275
|
| 035 |
|
|
|9 AAJ5931AM
|
| 039 |
0 |
|
|a 2
|b 3
|c 3
|d 3
|e 3
|
| 040 |
|
|
|a DLC
|c DLC
|d TXA
|d UtOrBLW
|
| 049 |
|
|
|a TXAM
|c [1362121]
|
| 050 |
0 |
0 |
|a QA186
|b .J37
|
| 082 |
0 |
|
|a 512/.523
|2 19
|
| 100 |
1 |
|
|a Järvinen, Richard D.,
|d 1938-
|
| 245 |
1 |
0 |
|a Finite and infinite dimensional linear spaces :
|b a comparative study in algebraic and analytic settings /
|c Richard D. Jarvinen.
|
| 264 |
|
1 |
|a New York :
|b M. Dekker,
|c [1981]
|
| 264 |
|
4 |
|c ©1981
|
| 300 |
|
|
|a xiv, 168 pages ;
|c 24 cm.
|
| 336 |
|
|
|a text
|b txt
|2 rdacontent
|
| 337 |
|
|
|a unmediated
|b n
|2 rdamedia
|
| 338 |
|
|
|a volume
|b nc
|2 rdacarrier
|
| 490 |
1 |
|
|a Monographs and textbooks in pure and applied mathematics ;
|v v. 66
|
| 490 |
0 |
|
|a Pure and applied mathematics
|
| 500 |
|
|
|a Includes index.
|
| 504 |
|
|
|a Bibliography: pages [151]-159.
|
| 650 |
|
0 |
|a Vector spaces.
|
| 830 |
|
0 |
|a Monographs and textbooks in pure and applied mathematics ;
|v v. 66.
|
| 999 |
|
|
|a MARS
|
| 999 |
f |
f |
|s a1936efe-b925-3f3d-ac92-387a6b6c9b8a
|i ab8b63a0-6e1f-3578-85ec-96d3826c0eec
|t 0
|
| 952 |
f |
f |
|p ric
|a Texas A&M University
|b Rellis Campus
|c Joint Library Facility
|s JLF
|d Remote Storage
|t 0
|e QA186 .J37
|h Library of Congress classification
|i unmediated -- volume
|m A14806203491
|
| 998 |
f |
f |
|a QA186 .J37
|t 0
|l Remote Storage
|